| 000 | 00442 a2200181 4500 | ||
|---|---|---|---|
| 999 |
_c12173 _d12173 |
||
| 003 | OSt | ||
| 005 | 20231117161701.0 | ||
| 008 | 231117b ||||| |||| 00| 0 eng d | ||
| 020 | _a9780571195039 | ||
| 040 | _aBMSCA | ||
| 041 | _aeng. | ||
| 082 |
_223 _a720.941BRU |
||
| 100 | _a Brunskill, R.W. | ||
| 245 | _aVernacular Architecture: An Illustrated Handbook | ||
| 260 |
_bFaber & Faber; _c2000, |
||
| 300 |
_a292P.; _bill. |
||
| 942 | _2ddc | ||